Piano the Builder (Record no. 12705)
[ view plain ]
| 000 -LEADER | |
|---|---|
| fixed length control field | 00349 a2200145 4500 |
| 003 - CONTROL NUMBER IDENTIFIER | |
| control field | OSt |
| 005 - DATE AND TIME OF LATEST TRANSACTION | |
| control field | 20240703183441.0 |
| 008 - FIXED-LENGTH DATA ELEMENTS--GENERAL INFORMATION | |
| fixed length control field | 240703b ||||| |||| 00| 0 eng d |
| 020 ## - INTERNATIONAL STANDARD BOOK NUMBER | |
| International Standard Book Number | 9788412721515 |
| 100 ## - MAIN ENTRY--PERSONAL NAME | |
| Personal name | Luis Fernández-Galiano Ruiz |
| 245 ## - TITLE STATEMENT | |
| Title | Piano the Builder |
| 260 ## - PUBLICATION, DISTRIBUTION, ETC. (IMPRINT) | |
| Name of publisher, distributor, etc | Arquitectura Viva |
| Date of publication, distribution, etc | 2023 |
| 300 ## - PHYSICAL DESCRIPTION | |
| Extent | 93P; |
| 942 ## - ADDED ENTRY ELEMENTS (KOHA) | |
| Source of classification or shelving scheme | |
| Withdrawn status | Lost status | Source of classification or shelving scheme | Damaged status | Koha normalized classification for sorting | Not for loan | Permanent location | Current location | Date acquired | Source of acquisition | Cost, normal purchase price | Total Checkouts | Full call number | Barcode | Date last seen | Date last borrowed | Cost, replacement price | Price effective from | Koha item type |
|---|---|---|---|---|---|---|---|---|---|---|---|---|---|---|---|---|---|---|
| 720_92_000000000000000_GAL | BMS College of Architecture, Design and Planning | BMS College of Architecture, Design and Planning | 2024-07-03 | 1 | 1060.88 | 1 | [720.92 GAL] | AR-UG3902 | 2024-08-23 | 2024-08-10 | 1414.50 | 2024-07-03 | B.PLAN | |||||
| 720_92_000000000000000_GAL | BMS College of Architecture, Design and Planning | BMS College of Architecture, Design and Planning | 2024-07-03 | 1 | 1060.88 | [720.92 GAL] | AR-UG3903 | 2024-07-03 | 1414.50 | 2024-07-03 | B.PLAN |